01286pab a2200205 454500008004000000100001200040245008000052260000900132300001400141362001100155520068400166650002600850650001800876700001400894773003400908908000600942909001000948999001700958952010500975180718b2008 xxu||||| |||| 00| 0 eng d aLo, Dic aGlobalisation meets its match: lessons from China's economic transformation c2008 ap.97-102. a27 Dec aThe sustained and rapid growth of the Chinese economy in the last three decades has been in sharp contrast to the prolonged stagnation in most parts of the non western world. the persistence of a mixed economic system despite market reforms further contradicts the orthodox doctrines of globalization. This study argues that China's economic transformation has been mainly based on productivity improvement and is thus to a significant extent a real development. It has been achieved mainly through process of "governing the market" by a set of structural-institutional factors that are china-specific but can be of general importance for the development worldwide. - Reproduced. aGlobalization - China aGlobalization aZhang, Yu aEconomic and Political Weekly aN a80798 c80798d80798 00104070aIIPAbIIPAd2018-07-19hVolume no: 43, Issue no: 52pAR81258r2018-07-19w2018-07-19yAR